Communes de la Haute-Garonne (31) de plus de 10000 habitants - Statistiques

Statistiques générales
  • Ce quiz a été pris 104 fois
  • Le résultat moyen est 10 sur 20
Statistiques - réponses
Habitants Commune % Correct
511684 (préfecture) Toulouse
100%
27314 Blagnac
92%
40916 Colomiers
92%
25653 Muret
84%
29724 Tournefeuille
80%
17431 Balma
70%
11869 Saint-Gaudens
61%
12410 L'Union
49%
20239 Cugnaux
44%
15264 Castanet-Tolosan
41%
20741 Plaisance-du-Touch
41%
15172 Ramonville-Saint-Agne
33%
11239 Saint-Jean
31%
10291 Auterive
25%
14229 Saint-Orens-de-Gameville
25%
10704 Villeneuve-Tolosane
23%
13048 Fonsorbes
18%
11033 Castelginest
15%
10167 Seysses
15%
10317 Frouzins
13%
Aucun quiz correspondant
Distribution des résultats
% des personnes avec chaque résultat
Percentile par nombre de réponses
Votre historique - résultats
Vous n’avez pas pris ce quiz